=LDR 00000nam 2200000 4500 =001 INLIS000000000017884 =005 20130612113102 =008 ***********************************Ind** =035 ##$$0010-061300000017884 =041 ##$$a Ind =082 ##$$a 2x5.4 =090 ##$$a 2x5.4, Jaw d =100 ##$$a Jawas, Yazid Bin Abdul Qadir =245 ##$$a Doa dan wirid, mengobati guna-guna dan sihir menurut al-Quran dan as-sunnah, Yazid Bin Abdul Qadir Jawas =260 ##$$a 2005 $b Jakarta =300 ##$$a xxiv, 431 hlm, 21 cm =650 ##$$a Do'a dan Wirid =850 ##$$a NBPNMAT